000 00570nam a2200193 i 4500
001 30189
003 ES-MaACL
007 t|
008 030123s1983 sp ||||1| spa d
100 1 _aBarral, Carlos,
_d1928-1989
_9180413
245 1 0 _aPenĂșltimos castigos /
_cCarlos Barral.
250 _a[3ÂȘ ed.].
260 _a[Barcelona] :
_bSeix Barral,
_c[1983]
300 _a276 p. ;
_c20 cm.
490 1 _aBiblioteca breve ;
_v625
830 0 _aBiblioteca breve (Seix Barral)
_v625
_9227188
852 _aES-MaACL
_jL-7888
_bR.106962
999 _c30189
_d30189